Datum a čas kvízu
26.5
Celkem bodů
Celkový počet nahraných bodů na tomto kvízu bez doplňovacích otázek.
6.
Pořadí na kvízu
Konečné umístění týmu na tomto kvízu.
Zaznamenané odpovědi
| # | Otázka | Odpověď | Body | Výsledky |
|---|---|---|---|---|
| 1. | Pražský Cross Club lákal zákaz... | natáčením studentského filmu | 1 | |
| 2. | Strana hájící zájmy původních... | Nový Zéland | 0 | |
| 3. | V pondělí bylo v pražském hist... | Divadlo Lucie Bílé | 1 | |
| 4. | Velká potravinářská společnost... | PepsiCo | 0 | |
| 5. | Jak se jmenuje dánský fotbalov... | FC Midtjylland (čteme mitjulend) | 1 | |
| 6. | Podle zdroje vody se rybníky d... | říční rybník | 1 | |
| 7. | Na obrázku vidíme dravou rybu,... | candát | 1 | |
| 8. | Největší český rybník mimo již... | Máchovo jezero, též (Velký) Dokeský rybník | 1 | |
| 9. | Většina rybníků disponuje jist... | česle / česlice | 1 | |
| 10. | Největším českým rybníkem je s... | Lužnice | 1 |